000 00339nam a2200133Ia 4500
008 190216s9999||||xx |||||||||||||| ||und||
100 _aEdmund W Sinnott And Dunn. Lc
245 0 _aPrinciples Of Genetics
250 _a1st Ed.
260 _bTata Mcgraw Hill Publishing Company Ltd
_c1976
300 _a459
650 _aBotany
942 _cBK
999 _c1172
_d1172